000 00751cab a2200241 4500
001 X3799
008 090401t1996 xxu||||| |||| 00| 0 eng d
035 _a(Sirsi) u32920
041 _aeng
245 _aCommonhold Bill set for Queen`s speech
260 _c1996
350 _a0
490 _aCSM (Chartered Surveyor Monthly)
_v6(2) October 1996, 8(1)
520 _aThe Commonhold Bill and other property related bills (listed) are likely to be presented to the next session of Parliament.
650 _aBUILDING SOCIETIES BILL
650 _aCIVIL JUSTICE BILL
650 _aCOMMONHOLD BILL
650 _aLEGAL AID BILL
650 _aPLANNING BILL
690 _aLANDLORD AND TENANT-LEASEHOLD REFORM
942 _n0
948 _c04/03/1997
999 _c21994
_d21994